|
|
|
|
| LEADER |
00668cam a2200193ua 4500 |
| 008 |
070619t2002||||||||||| 001 ||eng c |
| 041 |
0 |
|
|a eng
|
| 082 |
|
|
|a 615.538
|b AYU
|
| 245 |
0 |
2 |
|a Ayurveda at the crossroads of care and cure: Proceedings of the Indo-European seminar on Ayurveda held at Arrabida, Portugal, in November 2001 /
|
| 250 |
|
|
|a 1st ed.
|
| 260 |
|
|
|a Lisbo:
|b Lisbo&Pune,
|c 2002.
|
| 300 |
|
|
|a 279p..
|
| 362 |
1 |
|
|a 2002.
|
| 365 |
|
|
|a Rs 450/-
|e pb
|
| 500 |
|
|
|a Includes index.
|
| 650 |
0 |
|
|a Ayurveda
|
| 942 |
|
|
|c BK
|
| 999 |
|
|
|c 14950
|d 14950
|
| 952 |
|
|
|0 0
|1 0
|4 0
|6 615_538000000000000_AY
|7 0
|9 15594
|a KUCL
|b KUCL
|d 2014-05-23
|l 0
|o 615.538 AY
|p 17304
|r 2014-05-23
|w 2014-05-23
|y BK
|